1483 1190 1278 1657 1208 1861 1322 1468 1148 1312 1174 1879 1115 1741 1402 1686 1578 1019 1664 1380 1968 1918 1844 1439 1118 1527 1227 1479 1394 1199 1185 1682 1762 1620 1377 1296 1240 1634 1600 1075 1825 1010 1007 1395 1708 1197 1479 1656 1580 1665 1275 1300 1176 1598 1007 1493 1274 1884 1994 1683 1872 1594 1759 1591 1526 1295 1218 1315 1530 1170 1586 1369 1167 1141 1531 1862 1704 1754 1707 1802 1602 1033 1693 1215 1261 1761 1048 1707 1383 1376 1672 1316 1695 1839 1416 1634 1737 1839 1014 BCNSPRNW ULIB Ver.6.0+V

เปลี่ยนเป็นภาษาไทย

Change to English
 แสดงรายละเอียดบรรณานุกรม
  กลับหน้าหลัก

Brief Record : Get Marc (ISO 2709) : E-mail record : QR code < ปิดหน้าต่าง
LEADER : 00000nam 2200000uu 4500
001    13399108945
003     ULIB
008    110317s2546||||th 000 0 tha d
020    9749627431
060 04 WA20.5^bผ191ว 2545
245 00 ผลงานวิชาการดีเด่น กระทรวงสาธารณสุข ปี 2545 /^cกระทรวงสาธารณสุข
260    [นนทบุรี] :^bกระทรวง,^c2546
300    408 หน้า :^bภาพประกอบ ;^c27 ซม
650  7 สาธารณสุข^xวิจัย
710 2  กระทรวงสาธารณสุข
945    ^p0^l0^i015799
945    ^p0^l0^i015798
995    ทศพร
999 ^a ใช้งานได้ทุกระบบ
รายการนี้ยังไม่มีแท็ก
คุณยังไม่ได้ล็อกอิน คุณสามารถมีกิจกรรมร่วมกับเว็บไซต์ได้ แต่ต้องล็อกอินก่อน ::
  ล็อกอิน

รายการสื่อสารสนเทศ

ลำดับที่ ประเภท เลขเรียก/บาร์โค้ด สถานที่ สถานะ
- ไม่พบข้อมูล -

รายการใกล้เคียง
    หัวเรื่อง [สาธารณสุข วิจัย]

BibComment


ยังไม่เคยถูกคอมเมนท์

คอมเมนท์ทรัพยากรรายการนี้
  คอมเมนท์: ผลงานวิชาการดีเด่..


 Copyright 2026. Bcnsprnw @Library